[Event "CAN-ch U16"]
[Site "Windsor"]
[Date "2016.07.05"]
[Round "1.14"]
[White "Fellah, Mohamed"]
[Black "Ladhani, Qalib"]
[Result "1-0"]
[WhiteElo "2021"]
[BlackElo "1302"]
[PlyCount "45"]
[EventDate "2016.07.05"]
[EventType "swiss"]
[EventRounds "7"]
[EventCountry "CAN"]
[SourceTitle "EXT 2022"]
[Source "ChessBase"]
[SourceDate "2021.10.06"]
[SourceVersion "1"]
[SourceVersionDate "2021.10.06"]
[SourceQuality "1"]

1. e4 e5 2. Nf3 Nc6 3. Bb5 Bc5 4. c3 Nge7 5. 0-0 a6 6. Ba4 b5 7. Bb3 d5 8. d4 dxe4 9. Ng5 exd4 10. Nxf7 Qd7 11. Nxh8 Ne5 12. Qh5+ N7g6 13. Nxg6 Nxg6 14. Qxc5 Nh4 15. Qh5+ Ng6 16. Qxh7 Qg4 17. h3 Qf5 18. Qg8+ Nf8 19. Qd5 Qg6 20. Qxa8 dxc3 21. Nxc3 Nd7 22. Qxe4+ Kd8 23. Qxg6 1-0